Youtubers A-Z par image - Statistiques

Statistiques générales
  • Ce quiz a été pris 2 933 fois
  • Le résultat moyen est 14 sur 26
Statistiques - réponses
Par images Hint Réponse % Correct
I Inoxtag
98%
C Cyprien
96%
S Squeezie
92%
G Gotaga
90%
N Natoo
90%
T Tibo InShape
89%
L Léna Situations
75%
K Kameto
72%
V Valouzz
72%
J Juju Fitcats
67%
E EnjoyPhoenix
66%
P Pierre Croce
64%
D Dr Nozman
52%
F FabienOlicard
51%
Y Yvan Monka
47%
Z ZeratoR
47%
A ANDY
46%
R Rémi GAILLARD
36%
X Xari
32%
B Bob Lennon
30%
W Wartek
23%
H Horia
14%
O Oxilac
12%
U Usul
11%
Q Qin Hui
4%
M Mayamystic
1%
Aucun quiz correspondant
Distribution des résultats
% des personnes avec chaque résultat
Percentile par nombre de réponses
Votre historique - résultats
Vous n’avez pas pris ce quiz